Lựa chọn, phân loại và hướng dẫn giải bài tập chương "Hạt nhân nguyên tử" nhằm giúp học sinh củng cố và nâng cao kiến thức vật lý 12 - THPT

Những cơ sở của việc lựa chọn, phân loại và hướng dẫn giải bài tập vật lý và hướng dẫn học sinh giải bài tập chương "Hạt nhân nguyên tử" - Vật lý 12. Thực nghiệm sư phạm...

שמור ב:
מידע ביבליוגרפי
מחבר ראשי: Đặng. Thị Khánh Phương (Tác giả)
מחברים אחרים: Nguyễn Bảo Hoàng Thanh TS. (Người hướng dẫn)
פורמט: ספר
שפה:Vietnamese
יצא לאור: Đà Nẵng ĐH Sư Phạm 2007
סדרה:Khóa luận tốt nghiệp. Chuyên ngành: Sư phạm Vật lý
נושאים:
תגים: הוספת תג
אין תגיות, היה/י הראשונ/ה לתייג את הרשומה!
Thư viện lưu trữ: Mạng thư viện Đại học Đà Nẵng
LEADER 01648nam a2200361 4500
001 000012105
003 8392
005 20120216140232.0
008 120215s2007 viesd
041 |a vie 
072 |a Khóa luận tốt nghiệp 
082 |a 539.7076  |b DA-P 
100 |a Đặng. Thị Khánh Phương  |e Tác giả 
245 |a Lựa chọn, phân loại và hướng dẫn giải bài tập chương "Hạt nhân nguyên tử" nhằm giúp học sinh củng cố và nâng cao kiến thức vật lý 12 - THPT  |c Đặng. Thị Khánh Phương 
260 |a Đà Nẵng  |b ĐH Sư Phạm  |c 2007 
300 |a 78 tr  |c 29 cm 
490 |a Khóa luận tốt nghiệp. Chuyên ngành: Sư phạm Vật lý 
500 |a Khoa Vật lý 
520 |a Những cơ sở của việc lựa chọn, phân loại và hướng dẫn giải bài tập vật lý và hướng dẫn học sinh giải bài tập chương "Hạt nhân nguyên tử" - Vật lý 12. Thực nghiệm sư phạm... 
653 |a Bài tập 
653 |a Hạt nhân nguyên tử 
653 |a Vật lý 12 
700 |a Nguyễn Bảo Hoàng Thanh  |c TS.  |e Người hướng dẫn 
OWN |a LSP 
AVA |a UDN50  |b LSP  |d 539.7076 DA-P  |e available  |t Error 5001 Not defined in file expand_doc_bib_avail.  |f 1  |g 0  |h N  |i 0  |k 1 
999 |a From the UDN01 
AVA |a UDN50  |b LSP  |d 539.7076 DA-P  |e available  |t Error 5001 Not defined in file expand_doc_bib_avail.  |f 1  |g 0  |h N  |i 0  |k 1 
TYP |a Monograph 
TYP |a Printed language 
980 |a Mạng thư viện Đại học Đà Nẵng